000 01938nam a22002777a 4500
001 BRCA_9279
003 FranzMayer
005 20230721122452.0
008 230721b |||||||| |||| 00| 0 eng d
040 _aMFM
_besp
_cMFM
050 4 _aLE5
_bJ87 1803
082 _2BX1795.P72
100 1 _4Autor
_aJusto García, Juan
_928896
240 1 _aDiscursos predicables ó las homilías del ilustrisimo y venerable señor D.F. Gerónimo Bautista de Lanuza, del orden de predicadores, obispo de barbastro y de albarracin
_hDispuesta por orden de materias, y acomodadas en la mejor forma para el uso de los Señores Párrocos y Oradores
_lespañol
245 0 _aDiscursos predicables ó las homilías del ilustrisimo y venerable señor D.F. Gerónimo Bautista de Lanuza, del orden de predicadores, obispo de Barbastro y de albarracin
_bDispuesta por orden de materias, y acomodadas en la mejor forma para el uso de los Señores Párrocos y Oradores
260 _aMadrird
_bImprenta de la viuda é hijo de Marin
_c1803
300 _a395 p
_c21 cm
440 _aDiscursos predicables ó las homilías del ilustrisimo y venerable señor D.F Gerónimo Bautista de Lanuza, del orden de predicadores, obispo de Barbastro y de Albarracin
_nDispuestas por orden de materias, y acomodadas en la mejor forma para el uso de los señores párrocos y oradores
_pTomo II
_928897
500 _aContiene una imagen cortada de motivo religioso, la cual se encuentra en un plástico protector
501 _aLicencia real
505 0 _aTexto en: españolDirigido a: teólogos, obispos, padres, o cualquier otra persona con interés en la iglesia católica.Incluye índice (temático)
650 1 _2Religión
_aReligión cristiana
_vIglesia
_928898
651 2 _2Sermones
_aSermones católicos
_vDiscursos predicables
_928899
700 1 _4Autor
_aMartél, P. Don Miguel
_qReglar del gremio y Claustro de la Universidad de Salamanca
_928900
942 _2lcc
_cB
999 _c10898
_d10898